| 000 | 00804cam a2200265 a 4500 | ||
|---|---|---|---|
| 008 | |||
| 020 | _a0256082189 (hbk.) | ||
| 049 | _aMAIN | ||
| 090 | _aKF889 | ||
| 100 | 1 | _aBarnes, A. James. | |
| 245 | 1 | 0 |
_aLaw for business / _cA. James Barnes, Terry Morehead Dworkin, Eric L. Richards. |
| 250 | _a4th ed. | ||
| 260 |
_aHomewood, IL : _bIrwin, _cc1991. |
||
| 300 |
_axxxi, 907, [145] p. : _bill. (some col.) ; _c26 cm. |
||
| 500 | _aIncludes indexes. | ||
| 650 | 0 |
_aCommercial law _zUnited States. |
|
| 650 | 0 |
_aCorporation law _zUnited States. |
|
| 700 | 1 | _aDworkin, Terry Morehead. | |
| 700 | 1 | _aRichards, Eric L. | |
| 907 |
_a.b10020974 _b14-03-08 _c17-04-03 |
||
| 003 | |||
| 005 | 20230123133542.0 | ||
| 040 | _cNUST | ||
| 942 |
_cBOOKS _kKF889 |
||
| 999 |
_c150568 _d150568 |
||